[Proceedings] /

Guardado en:
Autores Corporativos: Annual symposium on foundations of computer science New York), IEEE Computer Society. Technical Committee on Mathematical Foundations of Computing.
Formato: Libro
Idioma:English
Publicado: Los Alamitos, Calif. : IEEE Computer Society, c1999.
Etiquetas: Agregar Etiqueta
Sin Etiquetas, Sea el primero en etiquetar este registro!
LEADER 00971nam a22001935a 4500
001 MAT.inmabb004139
008 070212s1999####caua#####b####101#0#eng#d
005 20160519151929.0
245 1 1 |a [Proceedings] /  |c 40th Annual Symposium on Foundations of Computer Science, October 17-19, 1999, New York City, New York ; sponsored by IEEE Computer Society Technical Committee on Mathematical Foundations of Computing. 
260 |a Los Alamitos, Calif. :  |b IEEE Computer Society,  |c c1999. 
300 |a xiv, 668 p. :  |b il. ;  |c 28 cm. 
504 |a Incluye referencias bibliográficas e índice de autores. 
020 |a 0769504094 
022 |a 0272-5428 
111 2 |a Annual symposium on foundations of computer science  |n (40º :  |d 1999 :  |c New York) 
710 2 |a IEEE Computer Society.  |b Technical Committee on Mathematical Foundations of Computing. 
246 1 8 |a 40th Annual Symposium on Foundations of Computer Science 
084 |a 68-06  |2 msc2000 
859 |h 68  |i An615-40  |p A-7616  |b BIB. MATEMATICA